| Tag |
First Indicator |
Second Indicator |
Subfields |
| LEADER |
00000cam a2200000 a 4500 |
| 001 |
in00002786685 |
| 005 |
20151202172137.0 |
| 008 |
111007s2012 bcca 001 0 eng |
| 020 |
|
|
|a 9780865717220
|
| 020 |
|
|
|a 0865717222
|
| 035 |
|
|
|a (OCoLC)ocn795624659
|
| 040 |
|
|
|a NLC
|b eng
|c NLC
|d CDX
|d C#P
|d TXA
|d UtOrBLW
|
| 049 |
|
|
|a TXAM
|
| 055 |
|
0 |
|a BF637 I48
|b B44 2012
|
| 082 |
0 |
|
|a 303.6/9
|2 23
|
| 090 |
|
|
|a BF637.I48
|b B44 2012
|
| 100 |
1 |
|
|a Beer, Jennifer E.
|
| 245 |
1 |
4 |
|a The mediator's handbook /
|c Jennifer E. Beer & Caroline C. Packard ; with Eileen Stief.
|
| 250 |
|
|
|a Rev. and expanded 4th ed.
|
| 264 |
|
1 |
|a Gabriola, B.C. :
|b New Society Publishers,
|c [2012]
|
| 264 |
|
4 |
|c ©2012
|
| 300 |
|
|
|a xii,194 pages :
|b illustrations ;
|c 28 cm.
|
| 336 |
|
|
|a text
|b txt
|2 rdacontent
|
| 337 |
|
|
|a unmediated
|b n
|2 rdamedia
|
| 338 |
|
|
|a volume
|b nc
|2 rdacarrier
|
| 500 |
|
|
|a Includes index.
|
| 520 |
|
|
|a "Presents a time-tested, adaptable model for helping people work through conflict"--p. [4] of cover.
|
| 650 |
|
0 |
|a Conflict management.
|
| 650 |
|
0 |
|a Mediation.
|
| 650 |
|
0 |
|a Negotiation.
|
| 650 |
|
0 |
|a Interpersonal conflict.
|
| 700 |
1 |
|
|a Stief, Eileen.
|
| 700 |
1 |
|
|a Packard, Caroline C.
|
| 945 |
|
|
|a PromptCat
|
| 948 |
|
|
|a cataloged
|b h
|c 2012/12/19
|d c
|e dmitchel
|f 8:50:40 am
|
| 994 |
|
|
|a C0
|b TXA
|
| 999 |
|
|
|a MARS
|
| 999 |
f |
f |
|s 65662eb3-f1c6-3c5b-b1cd-1551eb60c48b
|i 86987f2a-b88d-3511-ac48-9a98bd3b42ca
|t 0
|
| 952 |
f |
f |
|p normal
|a Texas A&M University
|b College Station
|c Sterling C. Evans Library
|d Evans: Library Stacks
|t 0
|e BF637.I48 B44 2012
|h Library of Congress classification
|i unmediated -- volume
|m A14835951291
|
| 998 |
f |
f |
|a BF637.I48 B44 2012
|t 0
|l Evans: Library Stacks
|